000 00199 a2200097 4500
020 _a9781400059362
041 _aspa
100 _aAlexa Payan
245 _aFlora Tristan Duena Del Porvenir
942 _cBK
999 _c2989
_d2989